| 000 | 00447nam a2200169 a 4500 | ||
|---|---|---|---|
| 001 | 1721 | ||
| 005 | 20180713181744.0 | ||
| 008 | 140415s1973 000 0 spa d | ||
| 041 | _aspa | ||
| 082 |
_a150 _bMCK |
||
| 100 | 1 | _aMCKEACHIE, WILBERT JAMES | |
| 245 | 1 | 0 | _aPSICOLOGIA |
| 260 |
_a[s.l.] : _bFONDO EDUCATIVO INTERAMERICANA, _c1973 |
||
| 300 | _a634 | ||
| 650 | 1 | 4 | _aPSICOLOGIA |
| 700 | 1 |
_aDOYLE, CHARLOTTE LACKNER _ecoaut. |
|
| 999 |
_c1721 _d1721 |
||